Hitty : (Record no. 110762)
[ view plain ]
| 000 -LEADER | |
|---|---|
| fixed length control field | 00639nam a2200181 a 4500 |
| 001 - CONTROL NUMBER | |
| control field | 3666 |
| 005 - DATE AND TIME OF LATEST TRANSACTION | |
| control field | 20140414131903.0 |
| 008 - FIXED-LENGTH DATA ELEMENTS--GENERAL INFORMATION | |
| fixed length control field | 060922s19uu xx 00 eng d |
| 020 ## - INTERNATIONAL STANDARD BOOK NUMBER | |
| International Standard Book Number | 0-440-40337-5 |
| 050 ## - LIBRARY OF CONGRESS CALL NUMBER | |
| Classification number | FIC |
| Item number | F45 1957 |
| 100 ## - MAIN ENTRY--PERSONAL NAME | |
| Personal name | Field, Rachel |
| 245 ## - TITLE STATEMENT | |
| Title | Hitty : |
| Remainder of title | her first hundred years / |
| Statement of responsibility, etc | by Rachel Field. |
| 260 ## - PUBLICATION, DISTRIBUTION, ETC. (IMPRINT) | |
| Place of publication, distribution, etc | New York : |
| Name of publisher, distributor, etc | Bantam doubleday dell books for young reader, |
| Date of publication, distribution, etc | c1957. |
| 300 ## - PHYSICAL DESCRIPTION | |
| Extent | 262 p. ; cm. |
| 500 ## - GENERAL NOTE | |
| General note | A Newberry Award Medal Winner |
| 520 ## - SUMMARY, ETC. | |
| Summary, etc | This is the story of the first hundred years of Hitty's life. And that's only the beginning for a doll as special as Hitty. |
| Withdrawn status | Lost status | Damaged status | Use restrictions | Home library | Current library | Shelving location | Date acquired | Source of acquisition | Total Checkouts | Full call number | Barcode | Date last seen | Price effective from | Koha item type |
|---|---|---|---|---|---|---|---|---|---|---|---|---|---|---|
| Munich Library | Munich Library | Fiction Section | 09/21/2010 | FIC F45 1957 | M1245 | 04/14/2014 | 04/14/2014 | Books |